000 00743nam a2200217 i 4500
001 58836
003 ES-MaACL
005 20250815112206.0
007 t|
008 031024s1930 sp ||||1| spa d
100 1 _aEggert, John.
_946724
245 1 0 _aTratado de química física en exposición elemental /
_cpor John Eggert ; con la colaboración de Lothar Hock ; traducción de la 2ª edición alemana por J. Palacios y E. Moles.
260 _aBarcelona :
_bLabor,
_c1930.
300 _aXV, 540 p. ;
_c24 cm.
650 7 _aQuímica física
_2embne
_9136798
700 1 _aHock, Lothar.
_963879
700 1 _aPalacios, J.
_9192357
700 1 _aMoles, Enrique (
_d1883-1953)
_981864
852 _aES-MaACL
_jA-56
999 _c58836
_d58836